Význam katalogu jako nástroje prodeje

Predaj reklamného tovaru podľa katalógu. Aké informácie obsahuje katalóg reklamného tovaru. Prehľadnosť a atraktivita reklamného tovaru. Kvalita katalógu.

Enregistré dans:
Détails bibliographiques
Auteur principal: Sochůrek, Milan
Format: Chapitre de livre
Langue:tchèque
Sujets:
Tags: Ajouter un tag
Pas de tags, Soyez le premier à ajouter un tag!

MARC

LEADER 00000naa$a2200000$$$4500
001 0033662
005 20231016104457.8
041 0 |a cze 
044 |a CZ 
245 1 0 |a Význam katalogu jako nástroje prodeje  |c Milan Sochůrek 
520 |a Predaj reklamného tovaru podľa katalógu. Aké informácie obsahuje katalóg reklamného tovaru. Prehľadnosť a atraktivita reklamného tovaru. Kvalita katalógu. 
610 2 0 |a obchod 
610 2 0 |a predaj 
610 2 0 |a predajcovia 
610 2 0 |a klienti 
610 2 0 |a tovar 
610 2 0 |a reklama 
610 2 0 |a katalógy reklamné 
100 1 |a Sochůrek, Milan